[Event "Cappelle op"]
[Site "Cappelle la Grande"]
[Date "1999.??.??"]
[Round "9"]
[White "Mikhalevski, Victor"]
[Black "Akopian, Vladimir"]
[Result "0-1"]
[WhiteElo "2528"]
[BlackElo "2640"]

1.d4 Nf6 2.c4 e6 3.g3 d5 4.Nf3 Be7 5.Bg2 O-O 6.O-O c6 7.Qc2 Nbd7 8.b3 b6
9.Rd1 Ba6 10.Nbd2 Rc8 11.e4 c5 12.exd5 exd5 13.Bb2 cxd4 14.Nxd4 b5 15.Qf5 bxc4
16.bxc4 g6 17.Qh3 dxc4 18.Bc3 Nc5 19.Re1 Na4 20.Ne6 fxe6 21.Qxe6+ Kh8 22.Ne4 Nxc3
23.Ng5 Bc5 24.Nf7+ Rxf7 25.Qxf7 Rc7  0-1

[Event "CZE-chT2 9899"]
[Site "CZE"]
[Date "1999.??.??"]
[Round "?"]
[White "Pick, Stepan"]
[Black "Paulovic, Tomas"]
[Result "0-1"]
[WhiteElo "2210"]
[BlackElo "2170"]

1.Nf3 Nf6 2.c4 e6 3.g3 d5 4.d4 Be7 5.Bg2 O-O 6.O-O c5 7.cxd5 exd5 8.Nc3 h6
9.Be3 b6 10.Ne5 Bb7 11.Qb3 c4 12.Qc2 Nc6 13.b3 cxb3 14.Qxb3 Na5 15.Qd1 Rc8
16.Rc1 Ba3 17.Rc2 Bb4 18.Qd3 Qe7 19.Bh3 Rc7 20.Rfc1 a6 21.Bf4 Bd6 22.Na4 Rxc2
23.Rxc2 b5 24.Nc5 Bxc5 25.Rxc5 Ne4 26.Rc2 Nc4 27.f3 Ned6 28.Nd7 Re8 29.Nc5 g5
30.Bc1 Rf8 31.f4 f5 32.Nxb7 Qxb7 33.fxg5 hxg5 34.Bxg5 Qh7 35.Bg2 Ne4 36.Bf4 Kf7
37.Bxe4 fxe4 38.Qb3 e3 39.Qd3 Qh3 40.Be5 Ke7 41.Bf4 Rh8 42.g4 Rf8 43.Rxc4 bxc4
44.Qxe3+ Qxe3+ 45.Bxe3 c3 46.Kg2 c2 47.h4 Rb8 48.Kf3 Rb1 49.Kf4 c1=Q 50.Bxc1 Rxc1
51.Ke5 Rg1 52.g5 Rg4 53.Kxd5 Rxh4  0-1

[Event "CZE-chT 9899"]
[Site "CZE"]
[Date "1999.??.??"]
[Round "6"]
[White "Mozny, Milos"]
[Black "Neckar, Lubomir"]
[Result "1/2-1/2"]
[WhiteElo "2385"]
[BlackElo "2350"]

1.d4 d5 2.Nf3 e6 3.c4 Be7 4.g3 Nf6 5.Bg2 O-O 6.O-O b6 7.b3 Bb7 8.Nbd2 c5
9.Bb2 Nc6 10.Rc1 Re8 11.cxd5 exd5 12.dxc5 Bxc5 13.a3 a5 14.Rc2 Rc8 15.e3 Ba6
16.Re1 Bd3 17.Rc3 Ba6 18.Rc2 Bd3 19.Rc3 Ba6  1/2-1/2

[Event "CZE-chT 9899"]
[Site "CZE"]
[Date "1999.??.??"]
[Round "9"]
[White "Trichkov, Vasil"]
[Black "Jirovsky, Pavel"]
[Result "1/2-1/2"]
[WhiteElo "2350"]
[BlackElo "2395"]

1.d4 d5 2.Nf3 Nf6 3.c4 e6 4.g3 Be7 5.Bg2 O-O 6.Nbd2 Nbd7 7.O-O b6 8.Qc2 Bb7
9.b3 c5 10.Bb2 Rc8 11.dxc5 Bxc5 12.Ne5 Nxe5 13.Bxe5 Ng4 14.Bc3 Qe7 15.h3 Nf6  1/2-1/2

[Event "CZE-chT 9899"]
[Site "CZE"]
[Date "1999.??.??"]
[Round "10"]
[White "Chloupek, Stanislav"]
[Black "Hlavnicka, Jiri"]
[Result "1/2-1/2"]
[WhiteElo "2355"]
[BlackElo "2205"]

1.d4 Nf6 2.c4 e6 3.g3 d5 4.Bg2 Be7 5.Nf3 O-O 6.O-O dxc4 7.Qc2 a6 8.a4 Bd7
9.Qxc4 Bc6 10.Bg5 Bd5 11.Qd3 Be4 12.Qd1 Nc6 13.e3 Nb4 14.Nc3 Bc2 15.Qd2 Ne4
16.Bxe7 Qxe7 17.Qc1 Nf6 18.a5 Rac8 19.Na4 Bxa4 20.Rxa4 b5 21.Ra1 c5 22.Qd2 cxd4
23.Nxd4 Rfd8 24.Rac1 Rxc1 25.Qxc1 g6 26.Nc6 Nxc6 27.Qxc6 Rd6 28.Qc8+ Kg7
29.Rc1 Nd5 30.h4 Qf6 31.Bxd5 Rxd5 32.Qc3 Qxc3 33.Rxc3 Rd1+ 34.Kg2 Ra1 35.b4 Rb1
36.Rc6 Rxb4 37.Rxa6 Rb1 38.Rb6 b4  1/2-1/2

[Event "CZE-chT 9899"]
[Site "CZE"]
[Date "1999.??.??"]
[Round "10"]
[White "Jirka, Jiri"]
[Black "Beil, Zdenek"]
[Result "1/2-1/2"]
[WhiteElo "2315"]
[BlackElo "2315"]

1.d4 Nf6 2.g3 d5 3.Bg2 e6 4.c4 Be7 5.Nf3 O-O 6.O-O c6 7.Nc3 b6 8.Ne5 Bb7
9.e4 Nbd7 10.Nxd7 Qxd7 11.e5 Ne8 12.b3 Nc7 13.Qg4 Rfd8 14.Bh6 g6 15.Rfd1 dxc4
16.bxc4 Ba6 17.Bf1 b5 18.Ne4 bxc4 19.Bg5 c3 20.Nc5 Bxc5 21.dxc5 Qe8 22.Rxd8 Rxd8
23.Bxd8 Qxd8 24.Bxa6 Nxa6 25.Qc4 Nc7 26.Qxc3 Nb5 27.Qe3 Qd5 28.Rc1 Nd4 29.Rc3 Nf5
30.Qf3 Qxe5 31.Kg2 Nd4 32.Qe3 Qd5+ 33.Kg1 e5 34.a4 Qa2 35.Kg2 f6 36.Qd3 Kg7
37.Qc4 Qb2 38.h3 f5 39.Re3 Kf6 40.Rc3 g5 41.Rd3 f4 42.Qg8 Qe2 43.Qf8+ Kg6
44.Qg8+ Kf6 45.Qf8+ Kg6 46.Qg8+  1/2-1/2

[Event "Cataluna Club op"]
[Site "ESP"]
[Date "1999.??.??"]
[Round "?"]
[White "Serrano Aspa, Xavier"]
[Black "Nunez Lucero, Francesco Alex"]
[Result "1-0"]
[WhiteElo "2150"]
[BlackElo "2260"]

1.d4 d5 2.Nf3 Nf6 3.c4 e6 4.g3 Be7 5.Bg2 O-O 6.Qc2 b6 7.O-O Bb7 8.Nbd2 Nbd7
9.b3 c5 10.e3 Rc8 11.Bb2 dxc4 12.bxc4 Rc7 13.Rac1 Qa8 14.Rfd1 Ne4 15.Ne5 Ng5
16.e4 cxd4 17.Bxd4 f6 18.Nxd7 Rxd7 19.Be3 f5 20.h4 Nf7 21.c5 Bxc5 22.Bxc5 bxc5
23.Qxc5 fxe4 24.Nf1 Rxd1 25.Rxd1 Bd5 26.Ne3 Rc8 27.Qa5 Bc6 28.Bh3 Re8 29.Rc1 Re7
30.Qe5 Rc7 31.Bxe6  1-0

[Event "Cataluna-chT"]
[Site "ESP"]
[Date "1999.??.??"]
[Round "7"]
[White "Pomes Marcet, Juan"]
[Black "Garcia Ilundain, David"]
[Result "1/2-1/2"]
[WhiteElo "2440"]
[BlackElo "2550"]

1.d4 Nf6 2.c4 e6 3.g3 d5 4.Bg2 Be7 5.Nf3 O-O 6.O-O dxc4 7.Qc2 a6 8.Qxc4 b5
9.Qc2 Bb7 10.Bd2 Be4 11.Qc1 Bb7 12.Qc2 Be4 13.Qc1 Nbd7 14.Ba5 Ra7  1/2-1/2

[Event "Euskadi-ch13"]
[Site "Euskadi"]
[Date "1999.??.??"]
[Round "1"]
[White "Limeres, Cristobal"]
[Black "Gastanares, J."]
[Result "1-0"]
[WhiteElo "2290"]
[BlackElo "2170"]

1.g3 Nf6 2.Bg2 d5 3.d4 e6 4.c4 Be7 5.Nf3 O-O 6.O-O Nbd7 7.Qc2 b6 8.Ne5 c5
9.Nc6 Qe8 10.Nc3 cxd4 11.Nb5 Nc5 12.Nxe7+ Qxe7 13.Nxd4 Bb7 14.Bd2 Nce4 15.cxd5 Bxd5
16.Rad1 Rac8 17.Qb1 Nxd2 18.Rxd2 Bxg2 19.Kxg2 Qb7+ 20.Nf3 Rfd8 21.Rfd1 Rxd2
22.Rxd2 h6 23.Kg1 Qc7 24.Kg2 Rd8 25.Rxd8+ Qxd8 26.Qc2 Qd6 27.Qc8+ Kh7 28.Qb7 Qd7
29.Qa8 Qc7 30.b4 a5 31.b5 Qc4 32.Qc6 Qxa2 33.Qxb6 Nd5 34.Qa7 Qxe2 35.Qxf7 a4
36.Qh5 a3 37.Ng5+  1-0

[Event "FRA-chT 9899"]
[Site "FRA"]
[Date "1999.??.??"]
[Round "2"]
[White "Bernard, Christophe"]
[Black "Sosonko, Gennadi"]
[Result "1/2-1/2"]
[WhiteElo "2356"]
[BlackElo "2513"]

1.d4 Nf6 2.Nf3 d5 3.c4 e6 4.g3 Be7 5.Bg2 O-O 6.Nc3 c6 7.O-O Nbd7 8.b3 b6
9.Qc2 Ba6 10.Nd2 b5 11.Rd1 Rb8 12.e3 bxc4 13.bxc4 Qa5 14.Nb3 Qc7 15.c5 e5
16.e4 dxe4 17.Nxe4 Nd5 18.dxe5 Nxe5 19.Bb2 Rfe8 20.Bd4 Bf8  1/2-1/2

[Event "Gent op 22nd"]
[Site "Gent"]
[Date "1999.??.??"]
[Round "6"]
[White "Dijkmans, B."]
[Black "Dutreeuw, Marc"]
[Result "0-1"]
[WhiteElo "2240"]
[BlackElo "2415"]

1.d4 d5 2.c4 e6 3.Nf3 Nf6 4.g3 Be7 5.Bg2 O-O 6.O-O dxc4 7.Qc2 a6 8.a4 Bd7
9.Ne5 Nc6 10.Nxc6 Bxc6 11.Bxc6 bxc6 12.Rd1 Qd5 13.Nc3 Qh5 14.Kg2 Rfd8 15.h3 Nd5
16.Na2 Nb6 17.e4 Rd7 18.Nc3 a5 19.Be3 Rad8 20.Ne2 f6 21.b3 cxb3 22.Qb2 Nc4  0-1

[Event "Oberliga Nord O9899"]
[Site "GER"]
[Date "1999.??.??"]
[Round "?"]
[White "Lieb, Harald"]
[Black "Buck, Jens"]
[Result "0-1"]
[WhiteElo "2230"]
[BlackElo "2195"]

1.d4 Nf6 2.Nf3 d5 3.c4 e6 4.g3 Be7 5.Bg2 O-O 6.O-O b6 7.Nc3 Bb7 8.cxd5 exd5
9.Bg5 Ne4 10.Bxe7 Qxe7 11.e3 Nxc3 12.bxc3 Nd7 13.Rc1 Nf6 14.Ne5 Ne4 15.c4 f6
16.Nd3 c6 17.cxd5 cxd5 18.Nf4 g5 19.Nd3 Rac8 20.Rxc8 Rxc8 21.Qa4 Bc6 22.Qa6 Qd7
23.Rc1 Rd8 24.Qa3 Bb5 25.Qb3 Ba4 26.Qb4 Bb5 27.Nb2 a5 28.Qb3 Nd2 29.Qc2 Nc4
30.a4 Ba6 31.Qb3 b5 32.axb5 Bxb5 33.Nd3 a4 34.Qc3 Rc8 35.Nc5 Qd6 36.Qb4 Rb8
37.Rb1 Rb6 38.Qe1 a3 39.Ra1 Bc6 40.Bf1 Qb8 41.e4 Rb2 42.exd5 Bxd5 43.Qe7 Nd2
44.Nd7 Nf3+ 45.Kg2 Nxd4+ 46.Kg1 Nf3+ 47.Kg2 Ne5+ 48.Kg1 Nxd7 49.Qxd7 Qe5
50.Rc1 Bf7 51.Rc8+ Kg7 52.Bc4 Qe1+ 53.Kg2 Qxf2+ 54.Kh3 Qxh2+ 55.Kg4 Qh5+  0-1

[Event "Oberliga Ost A9899"]
[Site "GER"]
[Date "1999.??.??"]
[Round "?"]
[White "Krueger, Rainer"]
[Black "Schulenburg, Bernd"]
[Result "1-0"]
[WhiteElo "2250"]
[BlackElo "2240"]

1.Nf3 Nf6 2.g3 d5 3.d4 e6 4.c4 Be7 5.Bg2 O-O 6.O-O h6 7.Qc2 c6 8.Nbd2 Nbd7
9.b3 b5 10.a4 bxc4 11.bxc4 a5 12.Ba3 Ba6 13.Rfc1 Re8 14.e3 Rb8 15.Bf1 Qb6
16.Bxe7 Rxe7 17.Rab1 Qa7 18.Qc3 Bxc4 19.Bxc4 dxc4 20.Nxc4 Rb4 21.Rxb4 Nd5
22.Rb7 Qxb7 23.Qxa5 Re8 24.Nd6 Qa8 25.Qxa8 Rxa8 26.Rxc6 Rxa4 27.Rc8+ Nf8
28.Ne5 Ra7 29.Rd8 g6 30.Kg2 Nf6 31.Rb8 Nd7 32.Nxd7 Rxd7 33.Ne8 Ra7 34.e4 f5
35.exf5 exf5 36.d5 Nd7 37.Rc8 Kf7 38.Nd6+ Ke7 39.Rc6 Ra3 40.Nc4 Ra4 41.Re6+ Kf8
42.Nd6 Rd4 43.Re8+ Kg7 44.Re7+ Kf6 45.Rxd7 Rxd5 46.Ne8+ Ke6 47.Rxd5 Kxd5
48.Kf3 Kc6 49.Kf4 Kd7 50.Ng7 Ke7 51.Nxf5+  1-0

[Event "GER-ch 11th Seniors"]
[Site "Germany"]
[Date "1999.??.??"]
[Round "?"]
[White "Weise, Wolfgang"]
[Black "Lange, Helmut"]
[Result "1/2-1/2"]
[WhiteElo "2105"]
[BlackElo "2220"]

1.d4 d5 2.c4 e6 3.Nf3 Nf6 4.g3 Be7 5.Bg2 O-O 6.O-O b6 7.Nc3 Bb7 8.Ne5 c6
9.Bg5 Nbd7 10.Nxd7 Qxd7 11.cxd5 cxd5 12.Re1 Rac8 13.Rc1 h6 14.Bf4 Ne4 15.Nxe4 dxe4  1/2-1/2

[Event "Hallsberg opJ"]
[Site "Hallsberg"]
[Date "1999.??.??"]
[Round "6"]
[White "Agopov, Mikael"]
[Black "Kovaljov, Denis"]
[Result "1-0"]
[WhiteElo "2398"]
[BlackElo "2249"]

1.Nf3 d5 2.d4 Nf6 3.c4 e6 4.g3 Be7 5.Bg2 O-O 6.O-O Ne4 7.Qc2 c6 8.b3 Nd7
9.Bb2 f5 10.Nbd2 Nxd2 11.Nxd2 Bd6 12.Rae1 h5 13.e4 dxe4 14.f3 e3 15.Rxe3 f4
16.Re2 fxg3 17.hxg3 Bxg3 18.Qg6 Bf4 19.Bh3 Nf6 20.Rg2 Qc7 21.Ne4 Nxe4 22.Qxe4 Rf6
23.Kh1 h4 24.Rg4 Bg3 25.Rg1 e5 26.dxe5 Bxg4 27.Bxg4 Rf4 28.Be6+ Kf8 29.Qh7 Ke8
30.Rd1 Rd8 31.Qg6+ Ke7 32.Qg5+ Ke8 33.Qh5+ Ke7 34.Qg5+ Ke8 35.Qg6+ Ke7 36.Ba3+ c5
37.Qxg7+ Kxe6 38.Qxc7 Rxd1+ 39.Kg2 Rd2+ 40.Kg1 Rfd4 41.Qc8+ Kxe5 42.Qxc5+ Ke6
43.Qe7+ Kf5 44.Qf7+ Ke5 45.Bb4 Rd1+ 46.Kg2 Rd7 47.Qe8+ Kf5 48.Qe4+ Kf6 49.f4 R1d3
50.Qe5+ Kf7 51.Qf5+ Kg7 52.Bc3+ Kg8 53.Qg6+ Kf8 54.Bb4+  1-0

[Event "HUN-chT29899"]
[Site "HUN"]
[Date "1999.??.??"]
[Round "?"]
[White "Mate, Laszlo"]
[Black "Huszar, Attila"]
[Result "0-1"]
[WhiteElo "2340"]
[BlackElo "2185"]

1.c4 e6 2.d4 d5 3.Nf3 Nf6 4.g3 Be7 5.Bg2 O-O 6.O-O c6 7.Qc2 Nbd7 8.Nbd2 b6
9.e4 dxe4 10.Nxe4 Bb7 11.Rd1 Qc8 12.Nc3 Bd6 13.b3 Qc7 14.Bb2 Rfe8 15.Rac1 Rac8
16.Ng5 h6 17.Nge4 Nxe4 18.Nxe4 Be7 19.f4 Nf6 20.Nf2 Red8 21.f5 c5 22.fxe6 fxe6
23.Qe2 cxd4 24.Qxe6+ Kh8 25.Bxb7 Qxb7 26.Bxd4 Rxd4 27.Rxd4 Bc5 28.Rcd1 Bxd4
29.Rxd4 Re8 30.Qxe8+ Nxe8 31.Ne4 Qe7 32.Kf2 Qe5 33.Ke3 Nf6 34.Kd3 Qf5 35.Ke3 Ng4+
36.Ke2 Nxh2 37.Nd2 Ng4 38.Rf4 Qe5+ 39.Ne4 Qb2+ 40.Nd2 Nf6 41.a4 Qe5+ 42.Kd3 Kg8
43.Nf3 Qd6+ 44.Nd4 Nh5 45.Rg4 g5 46.Re4 Qxg3+ 47.Re3 Nf4+ 48.Ke4 Qg4 49.Ke5 Ng6+
50.Kd5 Qd7+ 51.Ke4 Qe7+ 52.Kd3 Ne5+ 53.Kc3 Qf6 54.b4 Nc6 55.Re4 Nxd4 56.Rxd4 g4
57.Kd3 g3 58.Rg4+ Kh7 59.Rxg3 Qd6+  0-1

[Event "Jesenik op"]
[Site "Jesenik"]
[Date "1999.??.??"]
[Round "?"]
[White "Vavra, Pavel"]
[Black "Bazant, Petr Jr"]
[Result "1/2-1/2"]
[WhiteElo "2330"]
[BlackElo "2147"]

1.Nf3 d5 2.d4 e6 3.g3 Nf6 4.Bg2 Be7 5.c4 O-O 6.Qc2 Nbd7 7.O-O c6 8.Nbd2 b6
9.b3 Bb7 10.Bb2 Rc8 11.Rac1 Bb4 12.Rfd1 Qe7 13.Qb1 Rfd8 14.e4 dxe4 15.Nxe4 Nxe4
16.Qxe4 Nf6 17.Qe2 Ba3 18.Ne5 Bxb2 19.Qxb2 h6 20.b4 Nd7  1/2-1/2

[Event "Klatovy op-A"]
[Site "Klatovy"]
[Date "1999.??.??"]
[Round "8"]
[White "Civin, Tomas"]
[Black "Novotny, Jiri"]
[Result "1-0"]
[WhiteElo "2250"]
[BlackElo "2280"]

1.d4 d5 2.c4 e6 3.g3 Nf6 4.Bg2 Be7 5.Nf3 Nbd7 6.O-O O-O 7.Qc2 c6 8.Nbd2 Re8
9.Rd1 Nf8 10.e4 dxe4 11.Nxe4 Nxe4 12.Qxe4 Bf6 13.Be3 Qe7 14.Ne5 Bd7 15.h4 a5
16.c5 Red8 17.Nc4 Be8 18.Bf4 b5 19.cxb6 Qb4 20.Rac1 Be7 21.Bc7 Rd5 22.Qe3 Rh5
23.Ne5  1-0

[Event "EU-ch02 blind "]
[Site "Krynica"]
[Date "1999.??.??"]
[Round "1"]
[White "Novikovas, Anatolijus"]
[Black "Zoltek, Tadeusz"]
[Result "1/2-1/2"]
[WhiteElo "2000"]
[BlackElo "2290"]

1.d4 Nf6 2.c4 e6 3.g3 d5 4.Bg2 Be7 5.Nf3 O-O 6.O-O c6 7.Qc2 b6 8.Rd1 Bb7
9.Nbd2 Nbd7 10.e4 Rc8 11.e5 Ne8 12.cxd5 cxd5 13.Qd3 Qc7 14.Ne1 f6 15.Bh3 f5
16.Ndf3 Qd8 17.Bd2 g5 18.g4 Ng7 19.gxf5 exf5 20.e6 Nb8 21.Ne5 Qd6 22.Nf7 Qxe6
23.Nxg5 Bxg5 24.Bxg5 Qg6 25.Qg3 Nh5 26.Qg2 Rc7 27.Bd2 Nc6 28.Nf3 Rg7 29.Qxg6 Rxg6+
30.Kh1 h6 31.Rg1 Rxg1+ 32.Rxg1+ Kh7 33.Re1 Bc8 34.Rc1 Bd7 35.Ne5 Nxe5 36.dxe5 Rc8
37.Rxc8 Bxc8 38.Kg2 Kg6 39.Kf3 Ng7 40.Ke2 Ne6 41.f4 Ba6+ 42.Kf2 d4 43.b4 Bc4
44.a3 Bd5  1/2-1/2

[Event "EU-ch02 blind "]
[Site "Krynica"]
[Date "1999.??.??"]
[Round "3"]
[White "Lindenmair, Anton"]
[Black "Zoltek, Tadeusz"]
[Result "0-1"]
[WhiteElo "2140"]
[BlackElo "2290"]

1.d4 d5 2.c4 e6 3.Nf3 Nf6 4.g3 Be7 5.Bg2 O-O 6.O-O c6 7.Qc2 b6 8.b3 Bb7 9.Nc3 Nbd7
10.Bb2 a5 11.Rad1 Ba6 12.Nd2 b5 13.e4 bxc4 14.bxc4 Nb6 15.Rfe1 Nxc4 16.Nxc4 Bxc4
17.Qa4 Qb6 18.Rb1 Qa6 19.Ba3 Bxa3 20.Qxa3 Bd3 21.Rbc1 Bc4 22.Na4 Nd7 23.Nc5 Nxc5
24.Qxc5 Qb5 25.Qxb5 cxb5 26.exd5 exd5 27.a4 b4 28.Re5 Rae8 29.Rce1 Rxe5 30.Rxe5 Rb8  0-1

[Event "EU-ch02 blind "]
[Site "Krynica"]
[Date "1999.??.??"]
[Round "3"]
[White "Novikovas, Anatolijus"]
[Black "Murin, Miroslav"]
[Result "1/2-1/2"]
[WhiteElo "2000"]
[BlackElo "1775"]

1.d4 d5 2.c4 e6 3.g3 Nf6 4.Bg2 Be7 5.Nf3 c6 6.O-O O-O 7.Qc2 b6 8.Nc3 Bb7
9.Ne5 Nfd7 10.Nxd7 Nxd7 11.e4 Rc8 12.b3 e5 13.exd5 cxd5 14.Nxd5 Bxd5 15.Bxd5 exd4
16.Bf4 Bf6 17.Bb7 d3 18.Qxd3 Nc5 19.Qxd8 Rcxd8 20.Bd5 Bxa1 21.Rxa1 Ne6 22.Be5 h6
23.f4 Rd7 24.b4 Rfd8 25.a4 a6 26.Kg2 Kf8 27.f5 Rxd5 28.cxd5 Rxd5  1/2-1/2

[Event "EU-ch02 blind "]
[Site "Krynica"]
[Date "1999.??.??"]
[Round "5"]
[White "Lindenmair, Anton"]
[Black "Murin, Miroslav"]
[Result "1/2-1/2"]
[WhiteElo "2140"]
[BlackElo "1775"]

1.d4 d5 2.c4 e6 3.Nf3 Nf6 4.g3 Be7 5.Bg2 O-O 6.O-O c6 7.Qc2 b6 8.b3 Bb7 9.Rd1 a5
10.Nbd2 Ra7 11.e4 h6 12.Bb2 b5 13.Rac1 Ba6 14.Ne5 Re8 15.Bf1 b4 16.Bh3 Bc8
17.Qd3 dxe4 18.Nxe4 Nfd7 19.Qf3 Nxe5 20.dxe5 Rd7 21.Bg2 c5 22.Rxd7 Nxd7 23.Rd1 Qc7
24.Nd6 Rf8 25.Qd3 Rd8 26.Qe4 Nb8 27.Qg4 f6 28.Nxc8 Rxd1+ 29.Qxd1 Qxc8 30.exf6 Bxf6
31.Bxf6 gxf6 32.Qg4+ Kh7 33.Qe4+ Kg7 34.Qa8 Qc7 35.Qe4 Qc8 36.Bh3 Qc6 37.Qg4+ Kh7
38.Qxe6 Qxe6 39.Bxe6 Nc6 40.Kf1 Kg6 41.Ke1 Nd4 42.Bd5 Kg5 43.f3  1/2-1/2

[Event "Lisboa-ch"]
[Site "Lisboa"]
[Date "1999.??.??"]
[Round "7"]
[White "Andrade, Leonardo"]
[Black "Guerra, Victor"]
[Result "1/2-1/2"]
[WhiteElo "2177"]
[BlackElo "2133"]

1.c4 e6 2.Nf3 d5 3.d4 Nf6 4.g3 Be7 5.Bg2 c6 6.O-O Nbd7 7.Qc2 O-O 8.Nbd2 b6
9.e4 Bb7 10.a3 Rc8 11.b4 dxe4 12.Nxe4 c5 13.Nxf6+ Bxf6 14.Ng5 Bxg5 15.Bxb7 Rc7
16.dxc5 Rxb7 17.Bxg5 Qxg5 18.c6 Rc7 19.cxd7 Rxd7 20.Rfd1 Rc7 21.Rac1 h5 22.Qe4 Rfc8
23.h4 Qf6 24.Qd4 Qf3 25.Rd3 Qf5 26.Rdc3 e5 27.Qe3 Rd8 28.c5 bxc5 29.bxc5 Rd5
30.c6 Rd6 31.Rc5 Re6 32.Qb3 Rf6 33.R1c2 Qc8 34.Rb5 Rcxc6 35.Rb8 Rxc2 36.Rxc8+ Rxc8
37.Qb7 Rc1+ 38.Kg2 g6 39.Qxa7 Kg7  1/2-1/2

[Event "Mendrisio op"]
[Site "Mendrisio"]
[Date "1999.??.??"]
[Round "2"]
[White "Tukmakov, Vladimir B"]
[Black "Boschetti, Claudio"]
[Result "1-0"]
[WhiteElo "2581"]
[BlackElo "2155"]

1.Nf3 d5 2.d4 e6 3.c4 Be7 4.g3 Nf6 5.Bg2 O-O 6.Qc2 Nbd7 7.O-O c5 8.Rd1 cxd4
9.Nxd4 Qa5 10.cxd5 Nxd5 11.Nb3 Qc7 12.Qxc7 Nxc7 13.Nc3 a5 14.Bxb7 Bxb7 15.Rxd7 Bd8
16.Bf4 Bc6 17.Rxd8 Rfxd8 18.Bxc7 Rd7 19.Bxa5 Rb7 20.Rd1 f6 21.Rd6 Be8 22.Rxe6 Bf7
23.Rb6 Rab8 24.Rxb7 Rxb7 25.Ne4 Rd7 26.Ned2  1-0

[Event "Mendrisio op"]
[Site "Mendrisio"]
[Date "1999.??.??"]
[Round "4"]
[White "Tukmakov, Vladimir B"]
[Black "Castaldo, Folco"]
[Result "1-0"]
[WhiteElo "2581"]
[BlackElo "2192"]

1.Nf3 Nf6 2.c4 e6 3.g3 d5 4.d4 Be7 5.Bg2 O-O 6.Qc2 c6 7.O-O Nbd7 8.b3 b6
9.Rd1 Bb7 10.Nc3 Rc8 11.e4 h6 12.Bf4 Bb4 13.e5 Ne8 14.Ne2 Be7 15.cxd5 cxd5
16.Qd2 Ba6 17.Be3 Bxe2 18.Qxe2 Nc7 19.Rac1 Nb8 20.Bf1 Qd7 21.Ne1 Nca6 22.Qg4 Kh8
23.Qh5 Ba3 24.Rxc8 Rxc8 25.Bxh6 gxh6 26.Qxh6+ Kg8 27.Bd3 Nb4 28.Bh7+ Kh8
29.Bb1+ Kg8 30.Nf3  1-0

[Event "Fide Mercenarios 40th"]
[Site "Mexico"]
[Date "1999.??.??"]
[Round "9"]
[White "Padilla, Jorge"]
[Black "Ibarra, Raul"]
[Result "1/2-1/2"]
[WhiteElo "2165"]
[BlackElo "2000"]

1.d4 Nf6 2.c4 e6 3.g3 d5 4.Nf3 Be7 5.Bg2 dxc4 6.Qa4+ Bd7 7.Qxc4 Bc6 8.O-O O-O
9.Nc3 Nbd7 10.b4 Bd5 11.Nxd5 exd5 12.Qb3 c6 13.b5 Qb6 14.Rb1 c5 15.dxc5 Nxc5
16.Qd1 Nce4 17.Be3 Bc5 18.Bxc5 Qxc5 19.Qd3 Rac8 20.Nd4 Rfe8 21.Rb2 Qc3 22.Qxc3 Rxc3
23.Bh3 Nd6 24.e3 Nc4 25.Rb3 Rxb3 26.axb3 Nd6 27.Ra1 Ra8 28.f3 Kf8 29.Kf2 g6
30.Ke2 Ke7 31.Re1 Kd8 32.Kd3 a5 33.Ra1 Kc7 34.e4 dxe4+ 35.fxe4 Nfxe4 36.Rc1+ Kb6
37.Bg2 Nc5+ 38.Kc3 Nxb5+ 39.Nxb5 Kxb5 40.Bxb7 Nxb7 41.Re1 Rc8+ 42.Kb2 Rc7
43.Re5+ Nc5 44.Re8 Nd3+ 45.Ka3 Rc1 46.Rb8+ Ka6 47.Ka2 Rc2+ 48.Kb1 Rb2+ 49.Ka1 Ka7
50.Rd8 Rxb3 51.Rd7+ Kb6 52.Rxf7 a4 53.Rxh7 a3 54.Rh6 Ne5 55.g4 Kc5 56.h4 Rb2
57.h5 Rh2  1/2-1/2

[Event "CZE-ch op"]
[Site "Plzen"]
[Date "1999.??.??"]
[Round "?"]
[White "Konopka, Michal"]
[Black "Polak, Tomas"]
[Result "1/2-1/2"]
[WhiteElo "2480"]
[BlackElo "2488"]

1.d4 Nf6 2.Nf3 e6 3.g3 d5 4.c4 Be7 5.Bg2 O-O 6.O-O c6 7.Nc3 Nbd7 8.Bg5 h6
9.Bxf6 Bxf6 10.cxd5 exd5  1/2-1/2

[Event "Presov op"]
[Site "Presov"]
[Date "1999.??.??"]
[Round "9"]
[White "Likavsky, Tomas"]
[Black "Szamos, Alexander"]
[Result "1-0"]
[WhiteElo "2366"]
[BlackElo "2198"]

1.d4 Nf6 2.c4 e6 3.g3 d5 4.Bg2 Be7 5.Nf3 O-O 6.O-O c5 7.cxd5 exd5 8.dxc5 Bxc5
9.Nc3 Nc6 10.Na4 Be7 11.Be3 b6 12.Rc1 Bb7 13.Nd4 Nxd4 14.Bxd4 Qd7 15.Nc3 Rfd8
16.Qb3 Ne4 17.Rfd1 Nxc3 18.Bxc3 Rac8 19.e3 Qe6 20.Rc2 Rc7 21.Rcd2 Rcd7 22.h4 Bc5
23.Kh2 Kh8 24.Qa4 Bc6 25.Qf4 Bd6 26.Qd4 Bf8 27.Bb4 Bxb4 28.Qxb4 Kg8 29.Rd4 f5
30.Qb3 Kf7 31.Qd3 g6 32.a3 Rd6 33.Rc1 Qd7 34.Bh3 Qe7 35.Bg2 Qd7 36.Rf4 Kg8
37.Qb3 Kg7 38.Rd4 Bb7 39.Rd2 Qf7 40.Qa4 Qd7 41.Qf4 Qe7 42.Bf3 R8d7 43.h5 Qf6
44.hxg6 hxg6 45.Kg2 g5 46.Qd4 Qxd4 47.Rxd4 g4 48.Be2 Rc6 49.Rxc6 Bxc6 50.Kf1 Kf6
51.Ba6 Ke5 52.Ke2 Bb7 53.Bb5 Rc7 54.Kd2 a6 55.Bd3 Rh7 56.Rxg4 fxg4 57.Bxh7 d4
58.Bd3 dxe3+ 59.Kxe3 a5 60.Be2 Bc8 61.f3 gxf3 62.Bxf3 Be6 63.Kd3 b5 64.Kc3 Bd7
65.b4 a4 66.Kd3 Bf5+ 67.Ke3 Bd7 68.Be2 Bc6 69.Bd3 Bd7 70.Be4 Be8 71.g4  1-0

[Event "PUR-ch"]
[Site "San Juan"]
[Date "1999.??.??"]
[Round "?"]
[White "Guzman, C."]
[Black "Carrillo, Jose"]
[Result "1-0"]
[WhiteElo "2060"]
[BlackElo "1950"]

1.d4 d5 2.c4 e6 3.Nf3 Nf6 4.g3 Be7 5.Bg2 Nbd7 6.O-O O-O 7.Nbd2 c6 8.Qc2 b6
9.Rd1 Bb7 10.e4 dxe4 11.Nxe4 Nxe4 12.Qxe4 Nf6 13.Qe2 Rc8 14.b3 Qc7 15.Bf4 Bd6
16.Bxd6 Qxd6 17.Ne5 Nd7 18.c5 Qe7 19.Qc2 f6 20.Nc4 Rc7 21.Nd6 Ba8 22.b4 f5
23.Re1 g6 24.Qb3 Rf6 25.Re2 Kh8 26.Rae1 Nf8 27.Re5 Qd7 28.Qc3 b5 29.d5 Kg8
30.dxe6 Rxe6 31.Rxe6 Nxe6 32.Qb3  1-0

[Event "Liechtenstein op"]
[Site "Schaan"]
[Date "1999.??.??"]
[Round "9"]
[White "Dinser, Hans"]
[Black "Krebs, Jean Francois"]
[Result "1/2-1/2"]
[WhiteElo "1950"]
[BlackElo "1760"]

1.d4 Nf6 2.c4 e6 3.g3 d5 4.Bg2 Be7 5.Nf3 O-O 6.O-O Nbd7 7.Bf4 dxc4 8.Qc2 Nd5
9.Qxc4 Nxf4 10.gxf4 c6 11.Nbd2 Bd6 12.e3 Qb6 13.Ne4 Be7 14.Qc2 Nf6 15.Nxf6+ Bxf6
16.Ne5 Bxe5 17.dxe5 Bd7 18.Be4 g6 19.Rfd1 Rfd8 20.Rd6 Be8 21.Rad1 Rxd6 22.Rxd6 Rd8
23.Rxd8 Qxd8 24.Qc5 Qd1+  1/2-1/2

[Event "Staufer-Open 11th"]
[Site "Schwaebisch Gmuend"]
[Date "1999.??.??"]
[Round "5"]
[White "Arbakov, Valentin"]
[Black "Doettling, Fabian"]
[Result "1-0"]
[WhiteElo "2475"]
[BlackElo "2360"]

1.c4 e6 2.Nf3 d5 3.g3 Nf6 4.Bg2 Be7 5.d4 O-O 6.O-O dxc4 7.Qc2 a6 8.Qxc4 b5
9.Qc2 Bb7 10.Bf4 Nc6 11.Rd1 Nb4 12.Qc1 Qc8 13.Nbd2 c5 14.dxc5 Bxc5 15.Nb3 Be7
16.Qxc8 Raxc8 17.a3 Nbd5 18.Nfd4 Ba8 19.Bd2 Rc4 20.Ba5 Rb8 21.Rac1 Bf8 22.e4 Nb6
23.f3 Na4 24.Rb1 Rcc8 25.Bf1 g6 26.Be1 e5 27.Ne2 Rc2 28.Rd2 Rbc8 29.Nc3 Rxd2
30.Bxd2 Nxc3 31.Bxc3 Bxa3 32.Bxe5 Be7 33.Bh3 Rd8 34.Rc1 Ne8 35.Kf2 Kf8 36.Ke2 f6
37.Bd4 Nd6 38.Bb6 Re8 39.Bd7 Rb8 40.Bc7 Rb7 41.Nc5 Ra7 42.Bb8  1-0

[Event "Schwarzach op-B"]
[Site "Schwarzach"]
[Date "1999.??.??"]
[Round "8"]
[White "Reschreiter, Hans Peter"]
[Black "Pinggera, Stefan"]
[Result "1-0"]
[WhiteElo "1825"]
[BlackElo "1675"]

1.d4 Nf6 2.c4 e6 3.g3 d5 4.Bg2 Be7 5.Nf3 O-O 6.O-O dxc4 7.Ne5 c5 8.e3 cxd4
9.exd4 Qc7 10.Qc2 Nbd7 11.Qxc4 Qxc4 12.Nxc4 Nd5 13.a3 N7f6 14.Re1 b6 15.Nc3 Bb7
16.Ne3 Rad8 17.Nexd5 Nxd5 18.Bf4 Nxf4 19.Bxb7 Rb8 20.Be4 Nh3+ 21.Kg2 Ng5
22.Bc2 h6 23.h4 Nh7 24.d5 e5 25.Bxh7+ Kxh7 26.f4 f6 27.fxe5 fxe5 28.Rxe5 Bf6
29.Rf5 b5 30.Rd1 b4 31.axb4 Rxb4 32.Rf2 Rfb8 33.Rdd2 Rb3 34.Rc2 a5 35.d6 Rd8
36.Ne4 Be5 37.Rfd2 Rb4 38.Kf3 Bd4 39.Re2 Rb3+ 40.Kg2 Be5 41.Red2 Kg6 42.h5+ Kxh5
43.Rd5 Kg4 44.Rxe5 h5 45.Rf2 h4  1-0

[Event "Sevilla op"]
[Site "Sevilla"]
[Date "1999.??.??"]
[Round "4"]
[White "Calvo, Jesus Maria"]
[Black "Suarez Real, A."]
[Result "1-0"]
[WhiteElo "2280"]
[BlackElo "2020"]

1.d4 Nf6 2.Nf3 d5 3.c4 e6 4.g3 Be7 5.Bg2 O-O 6.O-O Nbd7 7.Qc2 c6 8.b3 b6
9.Nc3 Ba6 10.Nd2 Rc8 11.e4 Qc7 12.Bb2 dxe4 13.Ndxe4 c5 14.d5 exd5 15.Nxf6+ Nxf6
16.Nxd5 Nxd5 17.Bxd5 Bb7 18.Rad1 Rcd8 19.Rfe1 Bxd5 20.cxd5 Rfe8 21.Qf5 Qd6
22.Qg4 Bf6 23.Bxf6 Qxf6 24.Rxe8+ Rxe8 25.d6 Rd8 26.Qa4 h6 27.d7 a5 28.Re1 Kh7
29.Re8 Qa1+ 30.Kg2 Qf6 31.Qe4+ g6 32.Rxd8  1-0

[Event "ESP-chJ"]
[Site "Sevilla"]
[Date "1999.??.??"]
[Round "7"]
[White "Franco Alonso, Alejandro"]
[Black "Sanz Arilla, Luis"]
[Result "1-0"]
[WhiteElo "2185"]
[BlackElo "2059"]

1.d4 Nf6 2.c4 e6 3.g3 d5 4.Bg2 Be7 5.Nf3 O-O 6.O-O b6 7.Nc3 Bb7 8.cxd5 Nxd5
9.Qc2 Nxc3 10.bxc3 c5 11.Ng5 Bxg5 12.Bxb7 Bxc1 13.Rfxc1 Nd7 14.Bxa8 Qxa8
15.a4 Qc6 16.Qb3 Rc8 17.Qb5 Qc7 18.Rd1 Nf6 19.dxc5 bxc5 20.Rab1 Nd5 21.Qb7 g6
22.Qxc7 Rxc7 23.Rdc1 Nb6 24.a5 Nc4 25.Rb8+ Kg7 26.a6 Rc6 27.Ra1 Nd6 28.Ra8  1-0